000 00312nam a22001337a 4500
008 171010b xxu||||| |||| 00| 0 eng d
020 _a9781412940832
041 _aeng
080 _26 ED
_a316
100 _a50
101 _aSOC
245 _aADVENTURES IN SOCIAL RESEARCH
_cBABBIE.E
942 _2udc
_cBK
999 _c32926
_d32926